<?xml version="1.0" encoding="UTF-8"?>
<record
    xmlns:xsi="http://www.w3.org/2001/XMLSchema-instance"
    xsi:schemaLocation="http://www.loc.gov/MARC21/slim http://www.loc.gov/standards/marcxml/schema/MARC21slim.xsd"
    xmlns="http://www.loc.gov/MARC21/slim">

  <leader>01443nam a22001697a 4500</leader>
  <controlfield tag="003">SGT</controlfield>
  <datafield tag="020" ind1=" " ind2=" ">
    <subfield code="a">9780198757177</subfield>
  </datafield>
  <datafield tag="082" ind1=" " ind2=" ">
    <subfield code="a">546,WEL</subfield>
  </datafield>
  <datafield tag="100" ind1=" " ind2=" ">
    <subfield code="a">WELLER,MARK</subfield>
  </datafield>
  <datafield tag="245" ind1=" " ind2=" ">
    <subfield code="a">INORGANIC CHEMISTRY</subfield>
  </datafield>
  <datafield tag="250" ind1=" " ind2=" ">
    <subfield code="a">6TH</subfield>
  </datafield>
  <datafield tag="260" ind1=" " ind2=" ">
    <subfield code="a">NEW DELHI</subfield>
    <subfield code="b">OXFORD UNIVERSITY PRESS</subfield>
    <subfield code="c">2015</subfield>
  </datafield>
  <datafield tag="300" ind1=" " ind2=" ">
    <subfield code="a">875</subfield>
  </datafield>
  <datafield tag="650" ind1=" " ind2=" ">
    <subfield code="a">INORGANIC CHEMISTRY</subfield>
  </datafield>
  <datafield tag="653" ind1=" " ind2=" ">
    <subfield code="a">FOUNDATIONS CHAPTER 1: ATOMIC STRUCTURE CHAPTER 2: MOLECULAR STRUCTURE AND BONDING CHAPTER 3: THE STRUCTURES OF SIMPLE SOLIDS CHAPTER 4: ACIDS AND BASES CHAPTER 5: OXIDATION AND REDUCTION CHAPTER 6: MOLECULAR SYMMETRY CHAPTER 7: AN INTRODUCTION TO COORDINATION COMPOUNDS CHAPTER 8: PHYSICAL TECHNIQUES IN INORGANIC CHEMISTRY THE ELEMENTS AND THEIR COMPOUNDS CHAPTER 9: PERIODIC TRENDS CHAPTER 10: HYDROGEN CHAPTER 11: THE GROUP 1 ELEMENTS CHAPTER 12: THE GROUP 2 ELEMENTS CHAPTER 13: THE GROUP 13 ELEMENTS CHAPTER 14: THE GROUP 14 ELEMENTS CHAPTER 15: THE GROUP 15 ELEMENTS CHAPTER 16: THE GROUP 16 ELEMENTS CHAPTER 17: THE GROUP 17 ELEMENTS CHAPTER 18: THE GROUP 18 ELEMENTS CHAPTER 19: THE D-BLOCK ELEMENTS CHAPTER 20: D-METAL COMPLEXES: ELECTRONIC STRUCTURE AND PROPERTIES CHAPTER 21: COORDINATION CHEMISTRY: REACTIONS OF COMPLEXES CHAPTER 22: D-METAL ORGANOMETALLIC CHEMISTRY CHAPTER 23: THE F-BLOCK ELEMENTS FRONTIERS CHAPTER 24: MATERIALS CHEMISTRY AND NANOMATERIALS CHAPTER 25: CATALYSIS CHAPTER 26: BIOLOGICAL INORGANIC CHEMISTRY CHAPTER 27: INORGANIC CHEMISTRY IN MEDICINE</subfield>
  </datafield>
  <datafield tag="942" ind1=" " ind2=" ">
    <subfield code="2">ddc</subfield>
    <subfield code="c">FPS</subfield>
  </datafield>
  <datafield tag="952" ind1=" " ind2=" ">
    <subfield code="0">0</subfield>
    <subfield code="1">0</subfield>
    <subfield code="2">ddc</subfield>
    <subfield code="4">0</subfield>
    <subfield code="7">1</subfield>
    <subfield code="8">FS</subfield>
    <subfield code="a">SSSL</subfield>
    <subfield code="b">SSSL</subfield>
    <subfield code="c">REF</subfield>
    <subfield code="d">2016-09-05</subfield>
    <subfield code="e">AHUJA BOOK</subfield>
    <subfield code="g">705.00</subfield>
    <subfield code="i">SGTU</subfield>
    <subfield code="o">546,WEL</subfield>
    <subfield code="p">PS2359</subfield>
    <subfield code="r">2016-09-05 00:00:00</subfield>
    <subfield code="w">2016-08-16</subfield>
    <subfield code="y">FPS</subfield>
    <subfield code="k">7161</subfield>
  </datafield>
  <datafield tag="999" ind1=" " ind2=" ">
    <subfield code="c">9843</subfield>
    <subfield code="d">9843</subfield>
  </datafield>
</record>
